| 000 | 01154nam a22003497a 4500 | ||
|---|---|---|---|
| 003 | CHAP | ||
| 005 | 20220329143709.0 | ||
| 008 | 110214s1992 mx a r 00010 spa d | ||
| 010 | _a100500 | ||
| 011 | _a101472 | ||
| 020 | _a968654402X | ||
| 035 | _a112160 | ||
| 040 | _cCHAP | ||
| 082 | 0 | 4 |
_a917.251 _bV83 |
| 100 | 1 |
_aVizcaíno, Antonio. _9120208 |
|
| 245 | 1 | 0 |
_aTierra antigua : _bnaturaleza del Estado de México _c/por Antonio Vizcaíno |
| 260 |
_aToluca, Edo. de Méx. : _bGobierno del Estado de México, _c1992 |
||
| 300 |
_a197 p. : _bilus. |
||
| 590 |
_aBATCH-UPD _b10 _c20130110 _lUCH01 _h0858 |
||
| 590 |
_aBATCH-UPD _b10 _c20130410 _lUCH01 _h0528 |
||
| 590 |
_aBATCH-UPD _b10 _c20130914 _lUCH01 _h0630 |
||
| 590 |
_aCONVERSION _b10 _c20130109 _lUCH01 _h1355 |
||
| 650 | 1 | 4 |
_aBiodiversidad. _912724 |
| 650 | 1 | 4 |
_aMedio ambiente. _974065 |
| 650 | 1 | 4 |
_aMéxico (Edo.) _xDescripción y viaje. _976827 |
| 650 | 1 | 4 |
_aRecursos naturales _zMéxico (Edo.). _995330 |
| 650 | 1 | 4 |
_aVariación (Biología) _9118140 |
| 901 | _aBK | ||
| 911 | _aen proceso | ||
| 942 | _cLIBRO | ||
| 949 |
_a917.251 V83 _bBC _cLIBRO _d33724002232561 _eLIBRO _h114216 _i112160 _sb |
||
| 999 |
_c100500 _d100500 |
||